Initiation a la méthode philosophique

Salvato in:
Dettagli Bibliografici
Autore principale: Jaspers, Karl (Autore)
Natura: Libro
Lingua:francese
Pubblicazione: París Payot 1968
Serie:Petite Bibliothèque Payot, 93
Soggetti:
Tags: Aggiungi Tag
Nessun Tag, puoi essere il primo ad aggiungerne!!

MARC

LEADER 00000nam a2200000 a 4500
001 UCZ3962
003 CL-VaPUC
008 951027e19680000FR |||||||||||||||||fre|d
082 0 4 |a 142.78  |b JAS  |2 21 
100 |a Jaspers, Karl  |e author  |9 334584 
245 1 0 |a Initiation a la méthode philosophique 
300 |a 93 p 
942 |c BK 
945 |d 19951027 00:00:00  |a lriquelm 
260 |a París  |b Payot  |c 1968 
650 0 |a Existencialismo  |9 265698 
650 0 |a Escuelas filosóficas   |9 266232 
650 0 |a Filosofía alemana   |9 265002 
650 0 |a Metodología   |9 256610 
583 |a last modification  |c 19951027 00:00:00  |k Rodrigo Vera 
490 0 |a Petite Bibliothèque Payot, 93 
999 |c 240401  |d 240399 
952 |0 0  |1 0  |4 0  |6 142_780000000000000_JAS_1968  |7 0  |8 P  |9 252256  |a BIBEDU  |b BIBEDU  |c BIBEDU_PB  |d 2019-11-18  |i 1593137  |o 142.78 JAS 1968  |p 1593137  |r 2024-01-25  |w 2019-11-18  |y BK  |k FIL